000 00580nam a22001817a 4500
005 20240930121915.0
010 _aENG-141792
020 _a97893573145135
_c699.00
035 _aEN-125324
037 _bDBAD
082 _a824
100 _aTimberg, Scott
_972199
245 _aBoom Times For The End of The World/
_cBy Scott Timberg
260 _aGurugram
_bHachelle Book Publishing India Pvt Ltd
_c2023
270 _a4th & 5th Floor, Corporate Centre, Plot No. 94, Sector 44
_bGurugram
_e122003
300 _a305p.
_c22cm.(pb)
942 _2ddc
_cEN
_h824
_mTIM
999 _c206016
_d206016